[Event "SRI-ch (Women)"]
[Site "Colombo"]
[Date "2016.06.06"]
[Round "13"]
[White "Peiris, H Pevinya"]
[Black "Athukorala, Shavindi Uddeepana"]
[Result "1/2-1/2"]
[WhiteElo "1626"]
[BlackElo "1460"]
[PlyCount "56"]
[EventDate "2016.05.27"]
[EventType "tourn"]
[EventRounds "13"]
[EventCountry "SRI"]
[SourceTitle "CBM 172 Extra"]
[Source "ChessBase"]
[SourceDate "2016.06.21"]
[SourceVersion "1"]
[SourceVersionDate "2016.06.21"]
[SourceQuality "1"]

1. e3 d5 2. b3 c6 3. Bb2 Bf5 4. f4 e6 5. Nf3 Bg6 6. Be2 Nd7 7. 0-0 Ngf6 8. Nh4 Ne4 9. g3 Rg8 10. f5 exf5 11. Nxf5 Qg5 12. h4 Qd8 13. Qe1 Qc7 14. Kg2 Bxf5 15. Rxf5 Bd6 16. Rf3 g5 17. d3 g4 18. Rf4 Bxf4 19. exf4 Nef6 20. Bxg4+ Kd8 21. Bxd7 Nxd7 22. Qf2 Qd6 23. Nd2 Kc7 24. Kh2 Kd8 25. Kg2 Kc7 26. Kh2 Kd8 27. Kg2 Kc7 28. Kh2 Kd8 1/2-1/2

[Event "SRI-ch (Women)"]
[Site "Colombo"]
[Date "2016.06.04"]
[Round "10"]
[White "Jayaweera, Sayuni Gihansa"]
[Black "Peiris, H Pevinya"]
[Result "0-1"]
[WhiteElo "1515"]
[BlackElo "1626"]
[PlyCount "94"]
[EventDate "2016.05.27"]
[EventType "tourn"]
[EventRounds "13"]
[EventCountry "SRI"]
[SourceTitle "CBM 172 Extra"]
[Source "ChessBase"]
[SourceDate "2016.06.21"]
[SourceVersion "1"]
[SourceVersionDate "2016.06.21"]
[SourceQuality "1"]

1. d4 Nf6 2. g3 g6 3. Bg2 Bg7 4. Nf3 d6 5. 0-0 0-0 6. Re1 Nbd7 7. e4 e5 8. c3 c6 9. Nbd2 b5 10. a4 Bb7 11. Qb3 a6 12. axb5 axb5 13. Rxa8 Qxa8 14. c4 exd4 15. cxb5 Nc5 16. Qc2 d3 17. Qb1 cxb5 18. b4 Ncxe4 19. Qxd3 Nxd2 20. Bxd2 Be4 21. Qb3 Qb7 22. Nh4 Bxg2 23. Nxg2 Ne4 24. Be3 Rc8 25. Nf4 Ng5 26. Rd1 Nf3+ 27. Kg2 Rc4 28. Qa3 g5 29. Nd5 Nd4 30. Bxd4 Qxd5+ 31. Kg1 Rxd4 32. Re1 Rd1 33. Qe3 Rxe1+ 34. Qxe1 Qe5 35. Qd2 d5 36. h3 d4 37. Qc2 Qe1+ 38. Kg2 Qc3 39. Qe4 d3 40. Qe8+ Bf8 41. Qxb5 h6 42. h4 d2 43. hxg5 d1Q 44. Qb7 Qcd4 45. Qc8 Qe4+ 46. f3 Qexf3+ 47. Kh3 Qdh1# 0-1

[Event "SRI-ch (Women)"]
[Site "Colombo"]
[Date "2016.06.03"]
[Round "7"]
[White "Peiris, H Pevinya"]
[Black "Methmani, Nelunika"]
[Result "1-0"]
[WhiteElo "1626"]
[BlackElo "1731"]
[PlyCount "101"]
[EventDate "2016.05.27"]
[EventType "tourn"]
[EventRounds "13"]
[EventCountry "SRI"]
[SourceTitle "CBM 172 Extra"]
[Source "ChessBase"]
[SourceDate "2016.06.21"]
[SourceVersion "1"]
[SourceVersionDate "2016.06.21"]
[SourceQuality "1"]

1. Nf3 Nf6 2. g3 d5 3. b3 c5 4. Bb2 Nc6 5. Bg2 Qc7 6. d4 cxd4 7. Nxd4 e5 8. Nxc6 bxc6 9. 0-0 Bb7 10. e3 Rd8 11. Qe2 Be7 12. Re1 0-0 13. a3 Rfe8 14. Nd2 e4 15. c4 Ba6 16. Rec1 Qb8 17. b4 Bf8 18. Bxf6 gxf6 19. Qg4+ Bg7 20. Rab1 Qe5 21. b5 f5 22. Qh5 cxb5 23. cxb5 Bb7 24. Bh3 Bc8 25. Nb3 Rd6 26. Qe2 Rh6 27. Bg2 Qe7 28. a4 f4 29. exf4 d4 30. Nxd4 Bxd4 31. Rxc8 e3 32. Rxe8+ Qxe8 33. Kh1 Re6 34. f5 Re4 35. Qd3 Rg4 36. f3 e2 37. Re1 Rg7 38. Qxd4 Rg5 39. Qd2 Rxf5 40. Rxe2 Qa8 41. Qd7 Qd5 42. Qxd5 Rxd5 43. Re8+ Kg7 44. Bf1 Rd1 45. Kg2 Rd2+ 46. Re2 Rd1 47. Ra2 Kf6 48. a5 Rb1 49. Rc2 Ra1 50. a6 Re1 51. Rc7 1-0

[Event "SRI-ch (Women)"]
[Site "Colombo"]
[Date "2016.05.29"]
[Round "5"]
[White "Peiris, H Pevinya"]
[Black "Yapa Bandara, Chamodya"]
[Result "1/2-1/2"]
[WhiteElo "1626"]
[BlackElo "1578"]
[PlyCount "83"]
[EventDate "2016.05.27"]
[EventType "tourn"]
[EventRounds "13"]
[EventCountry "SRI"]
[SourceTitle "CBM 172 Extra"]
[Source "ChessBase"]
[SourceDate "2016.06.21"]
[SourceVersion "1"]
[SourceVersionDate "2016.06.21"]
[SourceQuality "1"]

1. Nf3 d5 2. g3 Nf6 3. Bg2 g6 4. d4 Bg7 5. c4 dxc4 6. Qa4+ c6 7. Qxc4 0-0 8. 0-0 Nbd7 9. Nc3 Nb6 10. Qd3 Be6 11. Re1 Bc4 12. Qd1 Qc8 13. b3 Be6 14. Ng5 Rd8 15. Ba3 Bf8 16. Nxe6 Qxe6 17. e3 Rac8 18. Qe2 Nbd5 19. Na4 Nd7 20. Rac1 N5b6 21. Nc3 Nd5 22. Nxd5 cxd5 23. Rxc8 Rxc8 24. Qb5 Nb6 25. Bc5 Qc6 26. Qa5 e6 27. Qxa7 Bxc5 28. dxc5 Qxc5 29. Qxb7 Qc3 30. Rf1 Qa5 31. a4 Rc3 32. Qb8+ Kg7 33. Qe5+ Kg8 34. Rb1 Qb4 35. Qb8+ Kg7 36. a5 Qxa5 37. b4 Qa2 38. Qe5+ Kg8 39. Rf1 Na4 40. Qb8+ Kg7 41. Qe5+ Kg8 42. Qb8+ 1/2-1/2

[Event "SRI-ch (Women)"]
[Site "Colombo"]
[Date "2016.05.27"]
[Round "2"]
[White "Peiris, H Pevinya"]
[Black "Tharushi, THD Niklesha"]
[Result "1/2-1/2"]
[WhiteElo "1626"]
[BlackElo "1601"]
[PlyCount "238"]
[EventDate "2016.05.27"]
[EventType "tourn"]
[EventRounds "13"]
[EventCountry "SRI"]
[SourceTitle "CBM 172 Extra"]
[Source "ChessBase"]
[SourceDate "2016.06.21"]
[SourceVersion "1"]
[SourceVersionDate "2016.06.21"]
[SourceQuality "1"]

1. e4 e6 2. d3 d5 3. Nd2 c5 4. g3 g6 5. Bg2 Ne7 6. Ngf3 Bg7 7. 0-0 0-0 8. Qe2 Nbc6 9. c3 b6 10. a3 Ba6 11. c4 Rc8 12. Rb1 dxe4 13. dxe4 Na5 14. h4 Qe8 15. Re1 Rc7 16. Bf1 Nc8 17. e5 Ne7 18. g4 Qd7 19. b3 Rd8 20. Ne4 Nec6 21. Bg5 Rb8 22. Nf6+ Bxf6 23. exf6 Rd8 24. Rbd1 Qe8 25. Bf4 Rcd7 26. Rxd7 Rxd7 27. Be5 Nd4 28. Nxd4 cxd4 29. Bg2 d3 30. Qd2 Qf8 31. a4 Bb7 32. Bc3 Bxg2 33. Bb4 Qd8 34. Be7 Rxe7 35. fxe7 Qxe7 36. Kxg2 Qxh4 37. f3 Qd8 38. Rh1 f6 39. Qc3 Nc6 40. Rd1 Ne5 41. Kg3 Qa8 42. Rxd3 Nxd3 43. Qxd3 Qb8+ 44. Kg2 Qc7 45. Qe4 Qd7 46. Qf4 Kg7 47. b4 Qxa4 48. Qc7+ Kf8 49. Qd8+ Kf7 50. Qc7+ Kf8 51. Qd8+ Qe8 52. Qxf6+ Kg8 53. Qd4 Qe7 54. c5 bxc5 55. bxc5 Qc7 56. c6 Qxc6 57. Qxa7 Qd6 58. Qa8+ Kg7 59. Qa7+ Kh6 60. Qe3+ g5 61. Qc3 Qf4 62. Qe1 e5 63. Qh1+ Kg7 64. Qd1 Qf6 65. Qd7+ Kh6 66. Qe8 Kg7 67. Qd7+ Kg6 68. Qe8+ Kh6 69. Qh5+ Kg7 70. Qe8 Qd6 71. Kh3 Kf6 72. Qh8+ Kg6 73. Qe8+ Kg7 74. Qb5 Qe6 75. Qb7+ Kg6 76. Qe4+ Kg7 77. Qb7+ Kh6 78. Qe4 Qf6 79. Qd5 Kg6 80. Qe4+ Kg7 81. Qb7+ Kf8 82. Qb8+ Ke7 83. Qb7+ Kd8 84. Qb8+ Ke7 85. Qb7+ Ke6 86. Qc6+ Kf7 87. Qb7+ Qe7 88. Qd5+ Kf6 89. Qc6+ Qe6 90. Qa8 h6 91. Qd8+ Kf7 92. Qc7+ Ke8 93. Qb8+ Kd7 94. Qb7+ Kd6 95. Qb6+ Ke7 96. Qc7+ Kf6 97. Qd8+ Kf7 98. Qc7+ Kg6 99. Qc2+ Kg7 100. Qc7+ Kf6 101. Qd8+ Kf7 102. Qc7+ Qe7 103. Qc4+ Kg7 104. Qd5 Kg6 105. Qg8+ Qg7 106. Qe6+ Kh7 107. Qf5+ Kg8 108. Qc8+ Kf7 109. Qd7+ Kf6 110. Qd6+ Kf7 111. Qd7+ Kg8 112. Qd8+ Kh7 113. Qd3+ Qg6 114. Qd7+ Kg8 115. Qd8+ Kf7 116. Qd7+ Kg8 117. Qd8+ Kf7 118. Qc7+ Ke6 119. Qc6+ Kf7 1/2-1/2

[Event "SRI-chB (Women)"]
[Site "Colombo"]
[Date "2016.03.21"]
[Round "10"]
[White "Abeysinghe, HMH Janandani"]
[Black "Peiris, H Pevinya"]
[Result "0-1"]
[WhiteElo "1392"]
[BlackElo "1665"]
[PlyCount "154"]
[EventDate "2016.03.12"]
[EventType "swiss"]
[EventRounds "10"]
[EventCountry "SRI"]
[SourceTitle "CBM 171 Extra"]
[Source "ChessBase"]
[SourceDate "2016.04.26"]
[SourceVersion "1"]
[SourceVersionDate "2016.04.26"]
[SourceQuality "1"]

1. e4 b6 2. d4 Bb7 3. Nc3 e6 4. a3 d6 5. Be3 Nd7 6. Nge2 Ngf6 7. Ng3 h5 8. f3 h4 9. Nge2 Nh5 10. Qd2 Be7 11. 0-0-0 g5 12. g4 Ng7 13. h3 f5 14. Rg1 f4 15. Bf2 a6 16. d5 e5 17. Kb1 0-0 18. Nc1 Nf6 19. Be2 Qd7 20. Nd3 Nh7 21. Nb4 Kh8 22. Bc4 b5 23. Ba2 a5 24. Nc6 Rfe8 25. Nxb5 Bxc6 26. dxc6 Qxc6 27. Qd5 Qxd5 28. Bxd5 Rac8 29. Bb7 Rb8 30. Bc6 Rec8 31. Ba7 Rxb5 32. Bxb5 c5 33. Bc4 Nf6 34. Bb6 Ra8 35. Bc7 Nge8 36. Bb6 Kg7 37. b4 axb4 38. axb4 Ra4 39. Bb3 Rxb4 40. Ba5 Rb5 41. Bc3 c4 42. Ka2 cxb3+ 43. cxb3 Kf7 44. Rd2 Ke6 45. Re1 Nc7 46. Kb2 Nd7 47. Kc2 Na6 48. Ra1 Ndc5 49. Ra5 Rxb3 50. Rxa6 Rxc3+ 51. Kxc3 Nxa6 52. Kc4 Nb8 53. Rb2 Nc6 54. Rf2 Nd4 55. Rf1 Bd8 56. Rf2 Bb6 57. Rf1 Bc5 58. Rf2 Bb6 59. Rf1 Ne2 60. Rb1 Bc5 61. Rb8 Ng1 62. Re8+ Kd7 63. Rg8 Nxf3 64. Kd5 Ke7 65. Rg7+ Kf6 66. Rg8 Nd4 67. Rf8+ Ke7 68. Rg8 f3 69. Rg7+ Kf6 70. Rg8 Kf7 71. Rb8 f2 72. Rb1 Ne2 73. Rf1 Nc3+ 74. Kc4 Nxe4 75. Kd3 Ng3 76. Rc1 f1Q+ 77. Rxf1+ Nxf1 0-1

[Event "SRI-chB (Women)"]
[Site "Colombo"]
[Date "2016.03.20"]
[Round "8"]
[White "Peiris, H Pevinya"]
[Black "Jayaweera, Sayuni Gihansa"]
[Result "1/2-1/2"]
[WhiteElo "1665"]
[BlackElo "1525"]
[PlyCount "87"]
[EventDate "2016.03.12"]
[EventType "swiss"]
[EventRounds "10"]
[EventCountry "SRI"]
[SourceTitle "CBM 171 Extra"]
[Source "ChessBase"]
[SourceDate "2016.04.26"]
[SourceVersion "1"]
[SourceVersionDate "2016.04.26"]
[SourceQuality "1"]

1. e4 c5 2. Nf3 g6 3. d3 Bg7 4. Nbd2 Nc6 5. g3 d6 6. Bg2 Nf6 7. 0-0 0-0 8. c3 Nd7 9. Qe2 Rb8 10. h4 b5 11. a3 a5 12. h5 b4 13. hxg6 hxg6 14. Nb1 bxc3 15. Nxc3 Ba6 16. Rd1 Nd4 17. Nxd4 cxd4 18. Nd5 e6 19. Nf4 Nc5 20. Bf1 Be5 21. Ng2 Nb3 22. Rb1 Nxc1 23. Rdxc1 Rb3 24. Qd1 Qb6 25. f4 Bg7 26. Rc6 Qxc6 27. Qxb3 Rc8 28. Ne1 Qb5 29. Qd1 a4 30. Qg4 Qa5 31. Qe2 g5 32. Qf2 gxf4 33. gxf4 Qh5 34. Bg2 e5 35. f5 Bh6 36. Qg3+ Kh8 37. Qf3 Qxf3 38. Bxf3 Be3+ 39. Kf1 Rg8 40. Ke2 Rc8 41. b3 axb3 42. Rxb3 Rc5 43. Rb6 Rb5 44. Rxa6 1/2-1/2

[Event "SRI-ch (Women)"]
[Site "Malabe"]
[Date "2015.07.13"]
[Round "13"]
[White "Premanath, Dinushki"]
[Black "Peiris, H Pevinya"]
[Result "1-0"]
[WhiteElo "1833"]
[BlackElo "1607"]
[PlyCount "35"]
[EventDate "2015.07.04"]
[EventType "tourn"]
[EventRounds "13"]
[EventCountry "SRI"]
[SourceTitle "CBM 167 Extra"]
[Source "ChessBase"]
[SourceDate "2015.09.14"]
[SourceVersion "1"]
[SourceVersionDate "2015.09.14"]
[SourceQuality "1"]

1. e4 d5 2. exd5 Qxd5 3. Nc3 Qd6 4. d4 a6 5. Nf3 Nc6 6. g3 Nf6 7. Bg2 Bg4 8. d5 Nb4 9. Bf4 Qd7 10. Qd2 Bf5 11. 0-0 0-0-0 12. Ne5 Qe8 13. Qd4 Kb8 14. Qxb4 e6 15. Qb3 exd5 16. Nxd5 Be6 17. Nxf6 Bxb3 18. Nxe8 1-0

[Event "SRI-ch (Women)"]
[Site "Malabe"]
[Date "2015.07.12"]
[Round "12"]
[White "Peiris, H Pevinya"]
[Black "Wickramasinghe, Dilhara Ishini"]
[Result "1/2-1/2"]
[WhiteElo "1607"]
[BlackElo "1674"]
[PlyCount "36"]
[EventDate "2015.07.04"]
[EventType "tourn"]
[EventRounds "13"]
[EventCountry "SRI"]
[SourceTitle "CBM 167 Extra"]
[Source "ChessBase"]
[SourceDate "2015.09.14"]
[SourceVersion "1"]
[SourceVersionDate "2015.09.14"]
[SourceQuality "1"]

1. e4 c5 2. Nf3 d6 3. c3 Nf6 4. Bc4 Nc6 5. d3 e6 6. 0-0 Be7 7. Bb3 e5 8. h3 h6 9. d4 Qc7 10. Na3 a6 11. Bd5 Na7 12. dxe5 dxe5 13. Nc4 Nd7 14. Ne3 Nf6 15. Nc4 Nd7 16. Ne3 Nf6 17. Nc4 Nd7 18. Ne3 Nf6 1/2-1/2

[Event "SRI-ch (Women)"]
[Site "Malabe"]
[Date "2015.07.10"]
[Round "7"]
[White "Peiris, H Pevinya"]
[Black "Kodikara, KKM Sachintha"]
[Result "1/2-1/2"]
[WhiteElo "1607"]
[BlackElo "1505"]
[PlyCount "61"]
[EventDate "2015.07.04"]
[EventType "tourn"]
[EventRounds "13"]
[EventCountry "SRI"]
[SourceTitle "CBM 167 Extra"]
[Source "ChessBase"]
[SourceDate "2015.09.14"]
[SourceVersion "1"]
[SourceVersionDate "2015.09.14"]
[SourceQuality "1"]

1. Nf3 d5 2. e3 Nf6 3. b3 Bf5 4. Bb2 Nbd7 5. d4 e6 6. Nbd2 h6 7. a3 c6 8. c4 Bd6 9. b4 a6 10. Be2 0-0 11. Ne5 Ne4 12. 0-0 Nxd2 13. Qxd2 Nf6 14. f3 Nd7 15. c5 Bc7 16. g4 Bh7 17. Nxd7 Qxd7 18. f4 Rfe8 19. Qe1 Qd8 20. h4 Kf8 21. g5 Ke7 22. Bg4 Qd7 23. Qf2 Bd3 24. Rfd1 Be4 25. Rf1 Bd3 26. Rfe1 Be4 27. Rad1 Rh8 28. Bf3 Bxf3 29. Qxf3 hxg5 30. hxg5 Rh4 31. Kg2 1/2-1/2

[Event "SRI-ch (Women)"]
[Site "Malabe"]
[Date "2015.07.06"]
[Round "6"]
[White "Gamage, Nethmi Nirasha"]
[Black "Peiris, H Pevinya"]
[Result "1/2-1/2"]
[WhiteElo "1580"]
[BlackElo "1607"]
[PlyCount "62"]
[EventDate "2015.07.04"]
[EventType "tourn"]
[EventRounds "13"]
[EventCountry "SRI"]
[SourceTitle "CBM 167 Extra"]
[Source "ChessBase"]
[SourceDate "2015.09.14"]
[SourceVersion "1"]
[SourceVersionDate "2015.09.14"]
[SourceQuality "1"]

1. d4 b6 2. e4 Bb7 3. Bd3 Nf6 4. Qe2 e6 5. Nf3 c5 6. c3 d6 7. 0-0 Be7 8. h3 Nbd7 9. Bf4 0-0 10. Nbd2 Rc8 11. Nc4 Nb8 12. dxc5 bxc5 13. Rad1 e5 14. Bh2 g6 15. Bc2 Qc7 16. Nfd2 Nfd7 17. Ne3 Nb6 18. f4 f6 19. f5 Kg7 20. Rf3 g5 21. Rg3 h6 22. Qh5 Rh8 23. Qg6+ Kf8 24. Bb3 Bd8 25. Be6 Bc6 26. Qh5 Be8 27. Qf3 Bd7 28. Bxd7 Qxd7 29. Qe2 Bc7 30. Rf3 Kg7 31. Nec4 Rcd8 1/2-1/2

[Event "SRI-ch (Women)"]
[Site "Malabe"]
[Date "2015.07.04"]
[Round "2"]
[White "Udupitiya, UGSSS"]
[Black "Peiris, H Pevinya"]
[Result "1/2-1/2"]
[WhiteElo "1647"]
[BlackElo "1607"]
[PlyCount "64"]
[EventDate "2015.07.04"]
[EventType "tourn"]
[EventRounds "13"]
[EventCountry "SRI"]
[SourceTitle "CBM 167 Extra"]
[Source "ChessBase"]
[SourceDate "2015.09.14"]
[SourceVersion "1"]
[SourceVersionDate "2015.09.14"]
[SourceQuality "1"]

1. e4 Nf6 2. e5 Nd5 3. c4 Nb6 4. d4 d6 5. exd6 exd6 6. Nc3 Nc6 7. Be3 Bf5 8. Bd3 Bxd3 9. Qxd3 Be7 10. a3 Qd7 11. Nge2 0-0 12. 0-0 f5 13. f4 d5 14. cxd5 Nxd5 15. Nxd5 Qxd5 16. Nc3 Qd7 17. Rad1 Kh8 18. Qe2 Bf6 19. d5 Ne7 20. Bc5 Rfe8 21. Qf3 b6 22. Bd4 Bxd4+ 23. Rxd4 Rad8 24. Rfd1 Nc8 25. R4d3 Nd6 26. Rd4 Qe7 27. R4d2 Qe3+ 28. Qxe3 Rxe3 29. Rd4 a6 30. Kf2 Rde8 31. a4 Kg8 32. h3 Kf7 1/2-1/2

[Event "SRI-ch (Women)"]
[Site "Colombo"]
[Date "2014.03.16"]
[Round "3"]
[White "Peiris, H Pevinya"]
[Black "De Silva, Shelani"]
[Result "0-1"]
[WhiteElo "1540"]
[BlackElo "1607"]
[PlyCount "140"]
[EventDate "2014.03.15"]
[EventType "tourn"]
[EventRounds "13"]
[EventCountry "SRI"]
[SourceTitle "CBM 159 Extra"]
[Source "ChessBase"]
[SourceDate "2014.04.24"]
[SourceVersion "1"]
[SourceVersionDate "2014.04.24"]
[SourceQuality "1"]

1. e4 c5 2. Nf3 d6 3. c3 Nf6 4. h3 Nbd7 5. Bd3 e6 6. Bc2 Be7 7. 0-0 Qc7 8. Re1 b6 9. d4 Bb7 10. e5 Nd5 11. a3 cxd4 12. cxd4 Rc8 13. Bb3 0-0 14. Nbd2 dxe5 15. dxe5 Rfd8 16. g3 Nc5 17. Bc4 Bf8 18. Ng5 h6 19. Ngf3 Ne7 20. Qe2 Ng6 21. h4 Nd7 22. Bb5 Bxf3 23. Nxf3 Ngxe5 24. Nxe5 Qxe5 25. Qxe5 Nxe5 26. Rxe5 Rd1+ 27. Kg2 Rdxc1 28. Rxc1 Rxc1 29. Re2 g6 30. a4 Bg7 31. b3 Rc3 32. Bc4 Bd4 33. Rd2 Bc5 34. Re2 h5 35. Rd2 a5 36. Rd8+ Kg7 37. Rd2 Rc1 38. Ra2 Rd1 39. Rc2 e5 40. Be2 Rd6 41. Bc4 f6 42. Re2 Kh6 43. f4 exf4 44. gxf4 Rd1 45. Re6 Kg7 46. Re8 Rg1+ 47. Kf3 f5 48. Re2 Rg4 49. Rd2 Rxh4 50. Bf1 Bg1 51. Bg2 Bh2 52. Rd4 Bg1 53. Rd1 Bc5 54. Rd2 Kh6 55. Kg3 Rg4+ 56. Kf3 g5 57. fxg5+ Kxg5 58. Bh3 Rb4 59. Rb2 Rf4+ 60. Kg3 h4+ 61. Kg2 Rd4 62. Re2 Kf6 63. Rb2 Rd1 64. Rc2 Ke5 65. Re2+ Kf4 66. Rc2 Rd3 67. Rc1 Rd2+ 68. Kh1 Bd4 69. Rc4 Kg3 70. Rc1 Rh2# 0-1

[Event "SRI-ch (Women)"]
[Site "Colombo"]
[Date "2014.03.16"]
[Round "4"]
[White "Yashora, Tiumi"]
[Black "Peiris, H Pevinya"]
[Result "1-0"]
[WhiteElo "1671"]
[BlackElo "1540"]
[PlyCount "90"]
[EventDate "2014.03.15"]
[EventType "tourn"]
[EventRounds "13"]
[EventCountry "SRI"]
[SourceTitle "CBM 159 Extra"]
[Source "ChessBase"]
[SourceDate "2014.04.24"]
[SourceVersion "1"]
[SourceVersionDate "2014.04.24"]
[SourceQuality "1"]

1. d4 Nf6 2. c4 e6 3. g3 Be7 4. Bg2 d5 5. Nf3 c6 6. Qc2 Ne4 7. Ne5 f6 8. Nd3 f5 9. f3 Nf6 10. a4 0-0 11. 0-0 h6 12. Rd1 Qe8 13. Nf2 Nh5 14. e4 fxe4 15. fxe4 Qg6 16. Na3 Qf7 17. Be3 Nf6 18. Nb1 Na6 19. Qe2 Bd7 20. Nc3 Rac8 21. Nd3 Nc7 22. Ne5 Qe8 23. Bf3 Bb4 24. Na2 a5 25. Nxb4 axb4 26. Bd2 Na6 27. Qe1 dxe4 28. Bxe4 Nxe4 29. Qxe4 Rf6 30. Rf1 Rc7 31. Rxf6 gxf6 32. Ng4 Qe7 33. Qg6+ Qg7 34. Nxf6+ Kh8 35. Qxh6+ Qxh6 36. Bxh6 c5 37. Bf4 Kg7 38. Bxc7 Kxf6 39. Be5+ Ke7 40. b3 cxd4 41. Bxd4 Kd6 42. Re1 Nc5 43. Bxc5+ Kxc5 44. Rd1 Bxa4 45. bxa4 Kxc4 1-0

[Event "SRI-ch (Women)"]
[Site "Colombo"]
[Date "2013.10.06"]
[Round "12"]
[White "Sathma, Devni"]
[Black "Peiris, H Pevinya"]
[Result "1-0"]
[WhiteElo "1451"]
[BlackElo "1538"]
[PlyCount "87"]
[EventDate "2013.09.27"]
[EventType "tourn"]
[EventRounds "13"]
[EventCountry "SRI"]
[SourceTitle "CBM 156 Extra"]
[Source "ChessBase"]
[SourceDate "2013.10.22"]
[SourceVersion "1"]
[SourceVersionDate "2013.10.22"]
[SourceQuality "1"]

1. c4 c5 2. Nc3 Nc6 3. a3 e6 4. e3 Nf6 5. g3 d5 6. cxd5 exd5 7. d4 cxd4 8. exd4 a6 9. Bg2 Be7 10. Nge2 Bg4 11. 0-0 h6 12. Be3 Qd7 13. Re1 Rd8 14. Qc2 Bxe2 15. Qxe2 0-0 16. Rac1 Rfe8 17. Qd2 Bf8 18. b4 b5 19. Qc2 Ne7 20. Qd2 Nc8 21. Ne2 Nb6 22. Nf4 Nc4 23. Qc3 Rc8 24. Qb3 Nxe3 25. Rxc8 Rxc8 26. Qxe3 g5 27. Bh3 g4 28. Bg2 Bg7 29. Qd3 Rc4 30. Ne2 Ne4 31. Qe3 Qf5 32. Rf1 Rc2 33. Nf4 Qe6 34. Nxd5 Qxd5 35. Bxe4 Bxd4 36. Bxd5 Bxe3 37. fxe3 Rc7 38. Rf6 Kg7 39. Rc6 Ra7 40. Rb6 h5 41. Rb7 Ra8 42. Rxf7+ Kg6 43. Bxa8 Kxf7 44. Bb7 1-0